Argentinians who have won PL - Statistics

General Stats
  • This quiz has been taken 39 times
  • The average score is 5 of 8
Answer Stats
Years Answer % Correct
2012,2014 Aguero
94%
2008,2009,2012 Tevez
86%
2012,2014 Zabaleta
80%
2003 Veron
74%
2006 Crespo
60%
2016 Ulloa
51%
2007 Heinze
37%
2014 Demichelis
31%
No matching quizzes found
Score Distribution
Percent of People with Each Score
Percentile by Number Answered
Your Score History
You have not taken this quiz